000 00726nam a2200229 a 4500
008 951121s1988||||[C 0 slo c
020 _c35 Kčs.
_q(12000 výtl.)
040 _aSNK
_bslo
_cSNK
_eAACR2
041 1 _aslo
_hfre
044 _axo
_cSK
080 _a840-3
100 1 _aMaurois, André
_4aut
245 1 0 _aAriel alebo život Shelleyho
_cAndré Maurois ; Soňa Hollá, Pavol Blažo
250 _a1., vyd.
260 _aBratislava
_bTatran
_c1988
_eKošice
_fVýchodoslovenské tlačiarne
300 _a143 s., 12,41 AH
_c24 cm
490 0 _aOsudy slávnych
_vZv. 29.
500 _aRozlož. tit. list. Fot. na front. a predsádkach.
700 1 _aHollá, Soňa
_4trl
700 1 _aBlažo, Pavol
_4bkd
958 _aA
999 _c12328
_d12328